Basic statistical computing / (Record no. 8769)

MARC details
000 -LEADER
fixed length control field 01026cam a2200289 a 4500
001 - CONTROL NUMBER
control field 4879540
003 - CONTROL NUMBER IDENTIFIER
control field OSt
005 - DATE AND TIME OF LATEST TRANSACTION
control field 20240624163051.0
008 - FIXED-LENGTH DATA ELEMENTS--GENERAL INFORMATION
fixed length control field 920820s1990 enka b 001 0 eng
010 ## - LIBRARY OF CONGRESS CONTROL NUMBER
LC control number 92202692
020 ## - INTERNATIONAL STANDARD BOOK NUMBER
International Standard Book Number 0340539194
040 ## - CATALOGING SOURCE
Original cataloging agency DDC
Transcribing agency MUST
050 00 - LIBRARY OF CONGRESS CALL NUMBER
Classification number QA276.4
Item number .C62 1990
082 00 - DEWEY DECIMAL CLASSIFICATION NUMBER
Classification number 519.5/0285
Edition number 20
100 1# - MAIN ENTRY--PERSONAL NAME
Personal name Cooke, D.
Fuller form of name (Dennis),
Dates associated with a name 1929-
9 (RLIN) 17716
245 10 - TITLE STATEMENT
Title Basic statistical computing /
Statement of responsibility, etc. D. Cooke, A.H. Craven, G.M. Clarke.
250 ## - EDITION STATEMENT
Edition statement 2nd ed.
260 ## - PUBLICATION, DISTRIBUTION, ETC. (IMPRINT)
Place of publication, distribution, etc. London :
Name of publisher, distributor, etc. E. Arnold,
Date of publication, distribution, etc. 1990.
300 ## - PHYSICAL DESCRIPTION
Extent xiii, 178 p. :
Other physical details ill. ;
Dimensions 25 cm.
504 ## - BIBLIOGRAPHY, ETC. NOTE
Bibliography, etc Includes bibliographical references and index.
650 #0 - SUBJECT ADDED ENTRY--TOPICAL TERM
Topical term or geographic name as entry element Mathematical statistics
General subdivision Data processing.
9 (RLIN) 17717
700 1# - ADDED ENTRY--PERSONAL NAME
Personal name Craven, A. H.
9 (RLIN) 17718
700 1# - ADDED ENTRY--PERSONAL NAME
Personal name Clarke, G. M.
Fuller form of name (Geoffrey Mallin)
9 (RLIN) 17719
856 41 - ELECTRONIC LOCATION AND ACCESS
Materials specified Table of contents only
Uniform Resource Identifier <a href="http://www.loc.gov/catdir/enhancements/fy0637/92202692-t.html">http://www.loc.gov/catdir/enhancements/fy0637/92202692-t.html</a>
942 ## - ADDED ENTRY ELEMENTS (KOHA)
Source of classification or shelving scheme Dewey Decimal Classification
Koha item type Open Shelf
Holdings
Withdrawn status Lost status Source of classification or shelving scheme Damaged status Not for loan Home library Current library Date acquired Source of acquisition Inventory number Total Checkouts Full call number Barcode Date last seen Price effective from Koha item type
    Dewey Decimal Classification     MUST Main Library MUST Main Library 24/06/2024 Donation 97/1087   519.5/0285 2024-21138 24/06/2024 24/06/2024 Open Shelf